KOHA-Header-6

Foreign Exchange and Money Markets (Record no. 11994)

000 -LEADER
fixed length control field 00259nam a22001217a 4500
082 ## - DEWEY DECIMAL CLASSIFICATION NUMBER
Classification number 332.45
100 ## - MAIN ENTRY--AUTHOR NAME
Personal name Riehl, Heinz
245 ## - TITLE STATEMENT
Title Foreign Exchange and Money Markets
260 ## - PUBLICATION, DISTRIBUTION, ETC. (IMPRINT)
Place of publication USA
Name of publisher Pearson
Year of publication 1983
300 ## - PHYSICAL DESCRIPTION
Number of Pages 352
650 ## - SUBJECT ADDED ENTRY--TOPICAL TERM
Topical Term Finance
942 ## - ADDED ENTRY ELEMENTS (KOHA)
Koha item type Books
Holdings
Withdrawn status Lost status Permanent Location Current Location Date acquired Full call number Accession Number Koha item type
    MAJU MAJU 2019-05-30 332.45 4980 Books

Powered by Koha